[Event "POL-Cup blind"]
[Site "Dzwirzyno"]
[Date "2019.09.07"]
[Round "8"]
[White "Mettel, Werner"]
[Black "Staruch, Roman"]
[Result "1/2-1/2"]
[WhiteElo "1704"]
[BlackElo "1788"]
[PlyCount "28"]
[EventDate "2019.09.02"]
[EventType "swiss"]
[EventRounds "9"]
[EventCountry "POL"]
[SourceTitle "EXT 2020"]
[Source "ChessBase"]
[SourceDate "2019.10.17"]
[SourceVersion "1"]
[SourceVersionDate "2019.10.17"]
[SourceQuality "1"]

1. e4 d5 2. e5 c5 3. d4 cxd4 4. Qxd4 Nc6 5. Bb5 a6 6. Bxc6+ bxc6 7. Nf3 e6 8. 0-0 c5 9. Qh4 Qxh4 10. Nxh4 Ne7 11. Nd2 Nc6 12. Nhf3 Be7 13. c3 Rb8 14. b3 0-0 1/2-1/2

[Event "POL-Cup blind"]
[Site "Dzwirzyno"]
[Date "2019.09.02"]
[Round "1"]
[White "Staruch, Roman"]
[Black "Kosieradzka, Malgorzata"]
[Result "1-0"]
[WhiteElo "1788"]
[BlackElo "1270"]
[PlyCount "80"]
[EventDate "2019.09.02"]
[EventType "swiss"]
[EventRounds "9"]
[EventCountry "POL"]
[SourceTitle "EXT 2020"]
[Source "ChessBase"]
[SourceDate "2019.10.17"]
[SourceVersion "1"]
[SourceVersionDate "2019.10.17"]
[SourceQuality "1"]

1. e4 e5 2. f4 Nc6 3. Nf3 d6 4. Bb5 a6 5. Bxc6+ bxc6 6. d4 exf4 7. Bxf4 Bb7 8. 0-0 d5 9. e5 c5 10. c3 c4 11. b3 c5 12. bxc4 dxc4 13. Qa4+ Qd7 14. Qxc4 Bd5 15. Qe2 c4 16. Nbd2 Ne7 17. Nxc4 Bxc4 18. Qxc4 Nd5 19. Bd2 Rc8 20. Qd3 Be7 21. c4 Nc7 22. Ng5 h6 23. Nxf7 Rf8 24. Nd6+ Bxd6 25. exd6 Qxd6 26. Rxf8+ Kxf8 27. d5 Kg8 28. Rf1 Ne8 29. Be3 Nf6 30. Bd4 Ng4 31. g3 Rf8 32. Rxf8+ Qxf8 33. h3 Nf6 34. Bxf6 Qxf6 35. Qe2 Qd4+ 36. Kg2 Kf7 37. h4 g6 38. Qf2+ Qxf2+ 39. Kxf2 Ke7 40. c5 Kd7 1-0

[Event "POL-chT blind"]
[Site "Wagrowiec"]
[Date "2017.10.18"]
[Round "5.6"]
[White "Mackowiak, Marek"]
[Black "Staruch, Roman"]
[Result "1/2-1/2"]
[WhiteElo "2068"]
[BlackElo "1911"]
[PlyCount "86"]
[EventDate "2017.10.14"]
[EventType "team-tourn"]
[EventRounds "9"]
[EventCountry "POL"]
[SourceTitle "EXT 2019"]
[Source "ChessBase"]
[SourceDate "2018.10.10"]
[SourceVersion "1"]
[SourceVersionDate "2018.10.10"]
[SourceQuality "1"]

1. c4 Nf6 2. Nc3 e5 3. Nf3 Nc6 4. d4 exd4 5. Nxd4 Bb4 6. Qd3 0-0 7. a3 Bxc3+ 8. Qxc3 Ne4 9. Nxc6 dxc6 10. Qf3 Re8 11. Be3 Qe7 12. Rd1 c5 13. Bc1 Bd7 14. e3 Ba4 15. Rd3 Bc2 16. Rd5 c6 17. Rh5 Rad8 18. Be2 Rd6 19. Qh3 h6 20. 0-0 Ng5 21. Qg4 f5 22. Qh4 Rf6 23. Qf4 Ne6 24. Qe5 Qf7 25. Qc3 Be4 26. Rh4 f4 27. Bh5 g6 28. Bg4 h5 29. Bxe6 Rexe6 30. Rxf4 Rxf4 31. exf4 Rd6 32. Be3 b6 33. h3 Qe6 34. Re1 Rd3 35. Qc1 Qf5 36. Kh2 Qf6 37. Bd2 Bf5 38. Bc3 Qh4 39. Re8+ Kf7 40. Qe1 Rxh3+ 41. gxh3 Qxh3+ 42. Kg1 Qg4+ 43. Kh1 Qh3+ 1/2-1/2

[Event "POL-chT blind"]
[Site "Wagrowiec"]
[Date "2017.10.17"]
[Round "4.13"]
[White "Staruch, Roman"]
[Black "Wolanski, Michal"]
[Result "0-1"]
[WhiteElo "1911"]
[BlackElo "1923"]
[PlyCount "100"]
[EventDate "2017.10.14"]
[EventType "team-tourn"]
[EventRounds "9"]
[EventCountry "POL"]
[SourceTitle "EXT 2019"]
[Source "ChessBase"]
[SourceDate "2018.10.10"]
[SourceVersion "1"]
[SourceVersionDate "2018.10.10"]
[SourceQuality "1"]

1. e4 c5 2. Nc3 Nc6 3. f4 g6 4. Nf3 Bg7 5. Bc4 e6 6. 0-0 Nge7 7. a3 0-0 8. d3 d5 9. Ba2 Nd4 10. Nxd4 Bxd4+ 11. Kh1 b6 12. Ne2 dxe4 13. dxe4 Bb7 14. c3 Bg7 15. Qc2 Qc7 16. Be3 Rfd8 17. Rad1 Rxd1 18. Rxd1 Rd8 19. Bb1 Nc8 20. Rxd8+ Qxd8 21. Qd3 Qc7 22. Ng3 Bh6 23. f5 Bxe3 24. Qxe3 Qe5 25. fxe6 Qxe6 26. Qe2 Nd6 27. Kg1 h5 28. e5 Nc8 29. Be4 Bxe4 30. Qxe4 Kg7 31. b4 c4 32. b5 Ne7 33. Qb7 Qxe5 34. Qxa7 Nd5 35. Qb7 Nxc3 36. Kf1 Qxb5 37. Ke1 h4 38. Qf3 Qe5+ 39. Ne2 Qxe2+ 40. Qxe2 Nxe2 41. Kxe2 Kf6 42. Kd2 Ke5 43. Kc3 b5 44. a4 bxa4 45. Kxc4 Ke4 46. Kb4 Ke3 47. Kxa4 Kf2 48. Kb3 Kxg2 49. Kc3 Kxh2 50. Kd3 Kg2 0-1

[Event "POL-chT blind"]
[Site "Wagrowiec"]
[Date "2017.10.16"]
[Round "3.10"]
[White "Wojcieszyn, Zdzislaw"]
[Black "Staruch, Roman"]
[Result "1/2-1/2"]
[WhiteElo "1913"]
[BlackElo "1911"]
[PlyCount "65"]
[EventDate "2017.10.14"]
[EventType "team-tourn"]
[EventRounds "9"]
[EventCountry "POL"]
[SourceTitle "EXT 2019"]
[Source "ChessBase"]
[SourceDate "2018.10.10"]
[SourceVersion "1"]
[SourceVersionDate "2018.10.10"]
[SourceQuality "1"]

1. Nf3 d5 2. d4 Nf6 3. Bf4 e6 4. e3 c5 5. c4 Qb6 6. Qb3 Nc6 7. Qxb6 axb6 8. Nc3 Be7 9. Nb5 0-0 10. Bd3 Nb4 11. Ke2 Rxa2 12. Rxa2 Nxa2 13. Bc7 Nb4 14. Bxb6 Nxd3 15. Kxd3 cxd4 16. Bxd4 Bd7 17. Nc3 dxc4+ 18. Kxc4 Rc8+ 19. Kd3 Kf8 20. h3 Bc6 21. Ke2 Nd5 22. Ra1 Nxc3+ 23. Bxc3 Bd6 24. g3 g6 25. Nd4 Ke7 26. Nxc6+ bxc6 27. Ra7+ Rc7 28. Rxc7+ Bxc7 29. Bb4+ Bd6 30. Bxd6+ Kxd6 31. Kd3 Kd5 32. b4 f5 33. f4 1/2-1/2

[Event "Bydgoszcz blind op 43rd"]
[Site "Bydgoszcz"]
[Date "2014.03.21"]
[Round "9.10"]
[White "Staruch, Roman"]
[Black "Mettel, Werner"]
[Result "1-0"]
[WhiteElo "1911"]
[BlackElo "1826"]
[PlyCount "77"]
[EventDate "2014.03.13"]
[EventType "swiss"]
[EventRounds "11"]
[EventCountry "POL"]
[SourceTitle "EXT 2023"]
[Source "ChessBase"]
[SourceDate "2022.10.05"]
[SourceVersion "1"]
[SourceVersionDate "2022.10.05"]
[SourceQuality "1"]

1. e4 e5 2. Nf3 Nc6 3. Bb5 a6 4. Bxc6 dxc6 5. 0-0 Bd6 6. d4 Bg4 7. dxe5 Bxf3 8. Qxf3 Bxe5 9. Qb3 b6 10. Be3 Nf6 11. Nd2 Ng4 12. Nf3 Qe7 13. Nxe5 Qxe5 14. f4 Qh5 15. h3 Nxe3 16. Qxe3 0-0 17. Rad1 Rad8 18. Rd3 Qb5 19. b3 Rxd3 20. Qxd3 Qxd3 21. cxd3 Rd8 22. Rd1 c5 23. Kf2 Kf8 24. Ke3 Ke7 25. d4 cxd4+ 26. Rxd4 Rxd4 27. Kxd4 Kd6 28. e5+ Ke6 29. g4 c6 30. f5+ Ke7 31. h4 g6 32. b4 gxf5 33. gxf5 Kd7 34. Kc4 Ke7 35. a4 Kd7 36. a5 c5 37. axb6 cxb4 38. Kxb4 Kc6 39. Ka5 1-0

[Event "Bydgoszcz blind op 43rd"]
[Site "Bydgoszcz"]
[Date "2014.03.20"]
[Round "8.13"]
[White "Raczek, Stanislaw"]
[Black "Staruch, Roman"]
[Result "0-1"]
[WhiteElo "1667"]
[BlackElo "1911"]
[PlyCount "84"]
[EventDate "2014.03.13"]
[EventType "swiss"]
[EventRounds "11"]
[EventCountry "POL"]
[SourceTitle "EXT 2023"]
[Source "ChessBase"]
[SourceDate "2022.10.05"]
[SourceVersion "1"]
[SourceVersionDate "2022.10.05"]
[SourceQuality "1"]

1. Nf3 Nf6 2. g3 d5 3. d4 e6 4. Bg2 c5 5. c3 Nc6 6. e3 cxd4 7. exd4 Be7 8. 0-0 0-0 9. Re1 Bd7 10. Nbd2 b5 11. Qc2 Qb6 12. h3 Rac8 13. Qd3 a5 14. Ne5 b4 15. Nxd7 Nxd7 16. Nf3 a4 17. Rb1 Nf6 18. Ng5 h6 19. Nf3 Na5 20. cxb4 Bxb4 21. Bd2 Be7 22. Ne5 Nc4 23. Bc3 Rc7 24. Bf3 Rfc8 25. Nxc4 Rxc4 26. Rec1 Qa7 27. Qd2 Ne4 28. Bxe4 dxe4 29. Qd1 Bg5 30. Rc2 Bf6 31. Rd2 a3 32. Qb3 axb2 33. Qxb2 Rxc3 34. Kg2 Bxd4 35. Qb4 R3c4 36. Qd6 Bf6 37. Rbd1 e3 38. fxe3 Qxe3 39. Qa6 Qe4+ 40. Kh2 Rc2 41. Qe2 Qxe2+ 42. Rxe2 Rxe2+ 0-1

[Event "Bydgoszcz blind op 43rd"]
[Site "Bydgoszcz"]
[Date "2014.03.16"]
[Round "4.2"]
[White "Staruch, Roman"]
[Black "Stachanczyk, Jacek"]
[Result "0-1"]
[WhiteElo "1911"]
[BlackElo "2211"]
[PlyCount "54"]
[EventDate "2014.03.13"]
[EventType "swiss"]
[EventRounds "11"]
[EventCountry "POL"]
[SourceTitle "EXT 2023"]
[Source "ChessBase"]
[SourceDate "2022.10.05"]
[SourceVersion "1"]
[SourceVersionDate "2022.10.05"]
[SourceQuality "1"]

1. e4 c5 2. Nf3 d6 3. c3 Nf6 4. Be2 Nbd7 5. d3 g6 6. 0-0 Bg7 7. Nbd2 0-0 8. d4 Qc7 9. a4 b6 10. b4 Bb7 11. d5 cxb4 12. Bb2 bxc3 13. Rc1 Nc5 14. Bxc3 Rfc8 15. Bxf6 Bxf6 16. Re1 Qd7 17. Bb5 Qd8 18. g4 a6 19. Bc4 Qd7 20. g5 Bg7 21. Nh4 Qxa4 22. Qg4 Qd7 23. Qg3 b5 24. Ba2 Na4 25. f4 Nc3 26. Ra1 Ne2+ 27. Rxe2 Bxa1 0-1

[Event "POL-chT blind Gp A"]
[Site "Mielno"]
[Date "2013.12.11"]
[Round "7.2"]
[White "Staruch, Roman"]
[Black "Przewoznik, Emil"]
[Result "1/2-1/2"]
[WhiteElo "1948"]
[BlackElo "1942"]
[PlyCount "62"]
[EventDate "2013.12.06"]
[EventType "team-tourn"]
[EventRounds "10"]
[EventCountry "POL"]
[SourceTitle "EXT 2019"]
[Source "ChessBase"]
[SourceDate "2018.10.10"]
[SourceVersion "1"]
[SourceVersionDate "2018.10.10"]
[SourceQuality "1"]

1. e4 c5 2. Nf3 e6 3. c3 Nc6 4. d4 cxd4 5. cxd4 Nf6 6. Bd3 Bb4+ 7. Bd2 Qb6 8. Bxb4 Nxb4 9. b3 Nxd3+ 10. Qxd3 d5 11. e5 Ne4 12. 0-0 Bd7 13. Rc1 Bb5 14. Qe3 0-0 15. Nc3 Nxc3 16. Rxc3 Rfc8 17. Rac1 Qd8 18. h4 h6 19. g4 Rxc3 20. Rxc3 Rc8 21. g5 Rxc3 22. Qxc3 Be2 23. gxh6 Bxf3 24. Qxf3 Qxh4 25. hxg7 Qxd4 26. Qh5 Kxg7 27. Qg5+ Kh7 28. Qh5+ Kg8 29. Qg5+ Kf8 30. Qd8+ Kg7 31. Qg5+ Kh8 1/2-1/2

[Event "Ramsowo Grunwald Cup 28th"]
[Site "Ramsowo"]
[Date "2013.09.21"]
[Round "9"]
[White "Staruch, Roman"]
[Black "Mettel, Werner"]
[Result "1-0"]
[WhiteElo "1939"]
[BlackElo "1855"]
[PlyCount "57"]
[EventDate "2013.09.16"]
[EventType "swiss"]
[EventRounds "9"]
[EventCountry "POL"]
[SourceTitle "CBM 156 Extra"]
[Source "ChessBase"]
[SourceDate "2013.10.22"]
[SourceVersion "1"]
[SourceVersionDate "2013.10.22"]
[SourceQuality "1"]

1. e4 e5 2. Nf3 Nc6 3. d4 exd4 4. Bc4 Nf6 5. Ng5 d5 6. exd5 Na5 7. Qxd4 Nxc4 8. Qxc4 Qxd5 9. Qe2+ Be6 10. Nxe6 Qxe6 11. Qxe6+ fxe6 12. Nc3 Bb4 13. Bd2 Nd5 14. Nxd5 Bxd2+ 15. Kxd2 exd5 16. Rae1+ Kd7 17. Re5 c6 18. Rhe1 Rae8 19. Kd3 Rxe5 20. Rxe5 Re8 21. Rxe8 Kxe8 22. Kd4 Kd7 23. Ke5 Ke7 24. h4 a5 25. a4 h6 26. h5 Kd7 27. f4 Ke7 28. g4 Kd7 29. g5 1-0

[Event "Ramsowo Grunwald Cup 28th"]
[Site "Ramsowo"]
[Date "2013.09.18"]
[Round "4"]
[White "Gryglewicz, Tadeusz"]
[Black "Staruch, Roman"]
[Result "0-1"]
[WhiteElo "1790"]
[BlackElo "1939"]
[PlyCount "94"]
[EventDate "2013.09.16"]
[EventType "swiss"]
[EventRounds "9"]
[EventCountry "POL"]
[SourceTitle "CBM 156 Extra"]
[Source "ChessBase"]
[SourceDate "2013.10.22"]
[SourceVersion "1"]
[SourceVersionDate "2013.10.22"]
[SourceQuality "1"]

1. c4 e5 2. e4 Nf6 3. Nc3 Bc5 4. h3 Nc6 5. Nf3 d6 6. d3 h6 7. a3 0-0 8. Be2 Nh7 9. Be3 Bxe3 10. fxe3 Ng5 11. h4 Nh7 12. d4 f5 13. exf5 exd4 14. Nxd4 Nxd4 15. Qxd4 Bxf5 16. e4 Be6 17. 0-0-0 Qf6 18. Qd2 a6 19. Bd3 Qd4 20. Bf1 Qc5 21. b4 Qf2 22. Bd3 Qd4 23. Bf1 Qxd2+ 24. Rxd2 Rf4 25. g3 Rf3 26. Rd3 Raf8 27. Rxf3 Rxf3 28. Kd2 Rxg3 29. c5 Nf6 30. a4 Kf7 31. b5 axb5 32. Nxb5 Nxe4+ 33. Kc2 Nxc5 34. Nd4 Nxa4 35. Nb5 Ke7 36. Bd3 Nc5 37. Bh7 c6 38. Nd4 Rg4 39. Nf5+ Bxf5+ 40. Bxf5 Rf4 41. Bg6 d5 42. h5 Kd6 43. Re1 Nd7 44. Kd2 Ne5 45. Be8 Rf8 46. Bg6 Nxg6 47. hxg6 Rf6 0-1

[Event "Ramsowo Grunwald Cup 28th"]
[Site "Ramsowo"]
[Date "2013.09.16"]
[Round "2"]
[White "Zoltek, Tadeusz"]
[Black "Staruch, Roman"]
[Result "1/2-1/2"]
[WhiteElo "2161"]
[BlackElo "1939"]
[PlyCount "61"]
[EventDate "2013.09.16"]
[EventType "swiss"]
[EventRounds "9"]
[EventCountry "POL"]
[SourceTitle "CBM 156 Extra"]
[Source "ChessBase"]
[SourceDate "2013.10.22"]
[SourceVersion "1"]
[SourceVersionDate "2013.10.22"]
[SourceQuality "1"]

1. Nf3 d5 2. g3 c5 3. Bg2 Nc6 4. d4 e6 5. 0-0 Bd7 6. b3 cxd4 7. Nxd4 Nxd4 8. Qxd4 Be7 9. c3 Bf6 10. Qd3 Rc8 11. Bb2 Qb6 12. Na3 Ne7 13. Rac1 0-0 14. Qb1 Rc7 15. c4 d4 16. Be4 h6 17. Nc2 e5 18. Ba3 Bh3 19. Rfe1 Bg5 20. Rcd1 h5 21. Bc1 Bf6 22. Bd2 Nf5 23. Nb4 Ne7 24. Qc1 a5 25. Nd3 Rd8 26. Qa3 Nc6 27. Qc5 Qxc5 28. Nxc5 b6 29. Na4 Rb8 30. e3 Bd7 31. exd4 1/2-1/2

[Event "Grunwald Cup 37 blind"]
[Site "Dadaj"]
[Date "2012.09.19"]
[Round "5"]
[White "Dziobek, Jerzy"]
[Black "Staruch, Roman"]
[Result "1/2-1/2"]
[WhiteElo "1752"]
[BlackElo "1945"]
[PlyCount "85"]
[EventDate "2012.09.16"]
[EventType "swiss"]
[EventRounds "9"]
[EventCountry "POL"]
[SourceTitle "CBM 150 Extra"]
[Source "ChessBase"]
[SourceDate "2012.10.19"]
[SourceVersion "1"]
[SourceVersionDate "2012.10.19"]
[SourceQuality "1"]

1. d4 Nf6 2. Nf3 e6 3. c3 c5 4. e3 Nc6 5. Nbd2 d5 6. Bd3 c4 7. Bc2 b5 8. a3 a5 9. 0-0 Be7 10. e4 dxe4 11. Nxe4 Bb7 12. Re1 0-0 13. Re3 Nd5 14. Re1 b4 15. axb4 axb4 16. Rxa8 Qxa8 17. Bd2 Qa2 18. Neg5 h6 19. Nh7 Ra8 20. Ne5 Nf6 21. Nxf6+ Bxf6 22. Nd7 Be7 23. Bxh6 Nxd4 24. Qxd4 gxh6 25. Qg4+ Kh8 26. Ne5 Rf8 27. Ng6+ fxg6 28. Qxg6 Rf5 29. Qxh6+ Kg8 30. Bxf5 exf5 31. Qe6+ Kh8 32. Qxe7 Be4 33. Qf6+ Kg8 34. cxb4 Kh7 35. f3 Qa7+ 36. Kh1 Qf2 37. Ra1 Bxf3 38. Qxf5+ Kg7 39. Qg5+ Kf7 40. Qf5+ Kg7 41. Qg5+ Kf7 42. Qf5+ Kg7 43. Qxf3 1/2-1/2

[Event "Rowy op 09"]
[Site "Rowy"]
[Date "2012.09.??"]
[Round "8"]
[White "Najdzionek, Boleslaw"]
[Black "Staruch, Roman"]
[Result "1/2-1/2"]
[WhiteElo "1921"]
[BlackElo "1957"]
[PlyCount "40"]
[EventDate "2012.09.??"]
[EventType "swiss"]
[EventRounds "9"]
[EventCountry "POL"]
[SourceTitle "EXT 2014"]
[Source "ChessBase"]
[SourceDate "2013.11.20"]
[SourceVersion "1"]
[SourceVersionDate "2013.11.20"]
[SourceQuality "1"]

1. d4 Nf6 2. c4 e6 3. Nc3 d5 4. Bg5 Be7 5. e3 0-0 6. Nf3 h6 7. Bh4 Ne4 8. Bxe7 Qxe7 9. Qc2 Nxc3 10. bxc3 Nd7 11. Bd3 b6 12. cxd5 exd5 13. 0-0 Nf6 14. Ne5 Ng4 15. Nxg4 Bxg4 16. Rfe1 Rfe8 17. f3 Be6 18. e4 Qa3 19. e5 c5 20. Qc1 Qa5 1/2-1/2

[Event "Rowy op 08"]
[Site "Rowy"]
[Date "2012.08.20"]
[Round "3"]
[White "Staruch, Roman"]
[Black "Rutkowski, Jerzy"]
[Result "1/2-1/2"]
[WhiteElo "1957"]
[BlackElo "2022"]
[PlyCount "28"]
[EventDate "2012.08.18"]
[EventType "swiss"]
[EventRounds "9"]
[EventCountry "POL"]
[SourceTitle "EXT 2014"]
[Source "ChessBase"]
[SourceDate "2013.11.20"]
[SourceVersion "1"]
[SourceVersionDate "2013.11.20"]
[SourceQuality "1"]

1. e4 c5 2. Nf3 d6 3. c3 Bd7 4. d4 cxd4 5. cxd4 Nf6 6. Nc3 e6 7. Be2 d5 8. exd5 Nxd5 9. 0-0 Nxc3 10. bxc3 Bd6 11. Qb3 Bc6 12. Be3 0-0 13. c4 b6 14. Rac1 Nd7 1/2-1/2

[Event "Rowy op 08"]
[Site "Rowy"]
[Date "2012.08.19"]
[Round "2"]
[White "Borowski, Jaroslaw"]
[Black "Staruch, Roman"]
[Result "0-1"]
[WhiteElo "1977"]
[BlackElo "1957"]
[PlyCount "106"]
[EventDate "2012.08.18"]
[EventType "swiss"]
[EventRounds "9"]
[EventCountry "POL"]
[SourceTitle "EXT 2014"]
[Source "ChessBase"]
[SourceDate "2013.11.20"]
[SourceVersion "1"]
[SourceVersionDate "2013.11.20"]
[SourceQuality "1"]

1. d4 Nf6 2. Nf3 e6 3. Bg5 c5 4. e3 Qb6 5. Qc1 Ne4 6. Bf4 Nc6 7. Bd3 d5 8. c3 cxd4 9. exd4 Bd7 10. Nbd2 Nxd2 11. Qxd2 Na5 12. Qe2 a6 13. Ne5 Bb5 14. 0-0 Bxd3 15. Nxd3 Qb5 16. Qf3 Nc4 17. Rfe1 Rc8 18. Re2 Be7 19. Rae1 0-0 20. Qg3 Qd7 21. h3 b5 22. Ne5 Qd8 23. Ng4 Kh8 24. Ne5 b4 25. Nxc4 Rxc4 26. Be5 Bf6 27. cxb4 Bxe5 28. Qxe5 Rxb4 29. Rc1 Qb6 30. Rec2 h6 31. Rc6 Qxd4 32. Qxd4 Rxd4 33. Rxa6 Rd2 34. Rb6 Ra8 35. a3 Ra7 36. Kf1 Kh7 37. Ke1 Rd4 38. Ke2 Kg6 39. Ke3 Rda4 40. Ke2 Kf5 41. Rc3 Re4+ 42. Re3 d4 43. Rxe4 Kxe4 44. Rc6 Kd5 45. Rc8 Rb7 46. b4 Ra7 47. Rc5+ Ke4 48. f3+ Kf4 49. Kf2 e5 50. g3+ Kf5 51. Ra5 Rc7 52. b5 Rc2+ 53. Ke1 h5 0-1

[Event "POL-chT blind Gp-B"]
[Site "Mielno"]
[Date "2011.04.02"]
[Round "10.7"]
[White "Staruch, Roman"]
[Black "Bomba, Zbigniew"]
[Result "1-0"]
[WhiteElo "1950"]
[BlackElo "1807"]
[PlyCount "70"]
[EventDate "2011.03.27"]
[EventType "team-tourn"]
[EventRounds "10"]
[EventCountry "POL"]
[SourceTitle "EXT 2019"]
[Source "ChessBase"]
[SourceDate "2018.10.10"]
[SourceVersion "1"]
[SourceVersionDate "2018.10.10"]
[SourceQuality "1"]

1. e4 c5 2. Nf3 d6 3. c3 Nf6 4. Be2 Nxe4 5. Qa4+ Bd7 6. Qxe4 Bc6 7. Qc2 e5 8. d3 Qf6 9. Nbd2 d5 10. 0-0 Bd6 11. c4 dxc4 12. dxc4 0-0 13. Bd3 h6 14. Be4 Qe6 15. Bxc6 Nxc6 16. Ne4 f5 17. Nxd6 Qxd6 18. Kh1 e4 19. Ng1 Nd4 20. Qc3 f4 21. Bd2 Rae8 22. b4 b6 23. bxc5 bxc5 24. Rab1 Rf7 25. Rb2 Nf5 26. Bc1 Nh4 27. Qh3 Qf6 28. Re2 Nf5 29. Bb2 Qg5 30. Nf3 Qd8 31. Nd2 e3 32. Nb3 Qd3 33. Qf3 Qxc4 34. fxe3 Nxe3 35. Rfe1 Ref8 1-0

[Event "POL-chT blind Gp-B"]
[Site "Mielno"]
[Date "2011.03.30"]
[Round "6.12"]
[White "Sargalski, Andrzej"]
[Black "Staruch, Roman"]
[Result "1/2-1/2"]
[WhiteElo "1919"]
[BlackElo "1950"]
[PlyCount "92"]
[EventDate "2011.03.27"]
[EventType "team-tourn"]
[EventRounds "10"]
[EventCountry "POL"]
[SourceTitle "EXT 2019"]
[Source "ChessBase"]
[SourceDate "2018.10.10"]
[SourceVersion "1"]
[SourceVersionDate "2018.10.10"]
[SourceQuality "1"]

1. e4 d5 2. exd5 Nf6 3. d4 Nxd5 4. c4 Nb6 5. Nf3 g6 6. h3 Bg7 7. Be3 0-0 8. Nc3 Nc6 9. Qd2 e5 10. d5 Ne7 11. g4 f5 12. Bh6 Nd7 13. Bxg7 Kxg7 14. g5 e4 15. Nd4 Ne5 16. Qf4 Qd6 17. Qh4 Qb4 18. 0-0-0 Nxc4 19. Bxc4 Qxc4 20. Qf4 Qc5 21. Ndb5 Bd7 22. Qe5+ Kf7 23. Qxc7 Qxc7 24. Nxc7 Rad8 25. h4 Nc8 26. h5 Rh8 27. Rh4 Kg7 28. Re1 Nd6 29. f3 Rc8 30. Ne6+ Bxe6 31. dxe6 Rce8 32. h6+ Kf8 33. fxe4 Rxe6 34. Rf1 Ke7 35. Nd5+ Kd7 36. Nf6+ Kc6 37. exf5 Nxf5 38. Rh3 b6 39. Rd1 Nd6 40. Rc3+ Kb7 41. a4 Ne4 42. Nxe4 Rxe4 43. b3 Re7 44. Kb2 Rf8 45. Rcd3 Kc7 46. Rc1+ Kb7 1/2-1/2

[Event "POL-ch sf blind"]
[Site "Zawoja Osrodek"]
[Date "2011.??.??"]
[Round "7"]
[White "Hagner, Pawel"]
[Black "Staruch, Roman"]
[Result "1/2-1/2"]
[WhiteElo "1768"]
[BlackElo "1950"]
[PlyCount "84"]
[EventDate "2011.??.??"]
[EventType "swiss"]
[EventRounds "9"]
[EventCountry "POL"]
[SourceTitle "EXT 2013"]
[Source "ChessBase"]
[SourceDate "2012.11.22"]
[SourceVersion "1"]
[SourceVersionDate "2012.11.22"]
[SourceQuality "1"]

1. d4 Nf6 2. Bg5 Ne4 3. Bf4 d5 4. Nf3 e6 5. e3 c5 6. c3 Bd7 7. Nbd2 Qb6 8. Qc2 Nxd2 9. Nxd2 Bb5 10. c4 dxc4 11. Nxc4 Bxc4 12. Bxc4 cxd4 13. 0-0 Nc6 14. exd4 Nxd4 15. Qe4 Nf5 16. Bb3 Be7 17. Ba4+ Kf8 18. Bb3 Qb4 19. Qf3 Nd4 20. Qe4 Ne2+ 21. Qxe2 Qxf4 22. Rac1 Bd6 23. g3 Qe5 24. Qf3 Rb8 25. Rfe1 Qf6 26. Qd3 Rd8 27. Qe4 b6 28. Qb7 Qe7 29. Qf3 Kg8 30. Rc4 h6 31. Rce4 Qf6 32. Qe2 Re8 33. Qb5 Kh7 34. Qd3 Qd8 35. Rd4+ g6 36. Rxd6 Qf6 37. Rd7 Rd8 38. Rxd8 Rxd8 39. Qe2 Qd4 40. Qe5 Qxe5 41. Rxe5 Rd2 42. Re3 Rxb2 1/2-1/2